Welcome to CU Library Online Public Access Catalogue (OPAC)

And he gave pastors : (Record no. 6249)

MARC details
000 -LEADER
fixed length control field 00775cam a2200217 i 4500
001 - CONTROL NUMBER
control field 849021
005 - DATE AND TIME OF LATEST TRANSACTION
control field 20250604101801.0
008 - FIXED-LENGTH DATA ELEMENTS--GENERAL INFORMATION
fixed length control field 790621s1979 mouk b 000 0 eng
020 ## - INTERNATIONAL STANDARD BOOK NUMBER
International Standard Book Number 0882434608
050 00 - LIBRARY OF CONGRESS CALL NUMBER
Classification number BV4011
Item number .A48
082 00 - DEWEY DECIMAL CLASSIFICATION NUMBER
Classification number 253
245 00 - TITLE STATEMENT
Title And he gave pastors :
Remainder of title pastoral theology in action /
Statement of responsibility, etc. editor, Thomas F. Zimmerman, associate editors, G. Raymond Carlson, Zenas J. Bicket.
260 ## - PUBLICATION, DISTRIBUTION, ETC.
Place of publication, distribution, etc. Springfield, Mo. :
Name of publisher, distributor, etc. Gospel Pub. House,
Date of publication, distribution, etc. c1979.
300 ## - PHYSICAL DESCRIPTION
Extent 629 p. :
Other physical details forms ;
Dimensions 23 cm.
650 #0 - SUBJECT ADDED ENTRY--TOPICAL TERM
Topical term or geographic name entry element Pastoral theology.
700 1# - ADDED ENTRY--PERSONAL NAME
Personal name Zimmerman, Thomas F.
700 1# - ADDED ENTRY--PERSONAL NAME
Personal name Carlson, G. Raymond.
700 1# - ADDED ENTRY--PERSONAL NAME
Personal name Bicket, Zenas J.
856 42 - ELECTRONIC LOCATION AND ACCESS
Materials specified Contributor biographical information
Uniform Resource Identifier <a href="http://www.loc.gov/catdir/enhancements/fy1208/78050485-b.html">http://www.loc.gov/catdir/enhancements/fy1208/78050485-b.html</a>
942 ## - ADDED ENTRY ELEMENTS (KOHA)
Source of classification or shelving scheme Library of Congress Classification
Koha item type Books
Suppress in OPAC No
999 ## -
-- 6249
-- 6249
Holdings
Withdrawn status Lost status Source of classification or shelving scheme Damaged status Not for loan Collection Home library Current library Shelving location Date acquired Total checkouts Full call number Barcode Date last seen Copy number Price effective from Koha item type
    Library of Congress Classification     Non-fiction Undergraduate Library (Christ Temple) Undergraduate Library (Christ Temple) General stacks 06/04/2025   BV4011 AND ulct00002990 06/04/2025 1 05/31/2025 Books
© 2023-2024 Copyright: Central University Libraries. All Rights Reserved | Created by: Mahone Tech Office